[Event "Capablanca Memorial Elite 31st"]
[Site "Cienfuegos"]
[Date "1996.??.??"]
[Round "9"]
[White "Vera Gonzalez Quevedo, Reynaldo"]
[Black "Morovic Fernandez, Ivan"]
[Result "1/2-1/2"]
[WhiteElo "2495"]
[BlackElo "2575"]
[Annotator "Cifuentes Parada,L"]
[PlyCount "51"]
[EventDate "1996.05.??"]
[EventType "tourn"]
[EventRounds "13"]
[EventCountry "CUB"]
[EventCategory "12"]
[SourceTitle "CBM 054"]
[Source "ChessBase"]
[SourceDate "1996.10.01"]
[SourceVersion "1"]
[SourceVersionDate "1996.10.01"]
[SourceQuality "1"]

1. d4 Nf6 2. c4 e6 3. Nc3 Bb4 4. Qc2 O-O 5. a3 Bxc3+ 6. Qxc3 b6 7. Bg5 h6 (7...
Ba6 $5) 8. Bh4 Ba6 9. e3 d6 10. Bd3 (10. Nf3 $5 Nbd7 11. Rd1 $1 c5 $6 12. dxc5
Nxc5 13. Bxf6 Qxf6 (13... gxf6 14. Qd4) 14. Qxf6 gxf6 15. Rxd6 Rfd8 16. Rxd8+
Rxd8 17. Nd2 Na4 18. b3 Nc3 19. h4 $1 $14 {With idea 20.Rh3}) 10... Nbd7 11.
Ne2 c5 12. b4 cxd4 13. exd4 Rc8 14. Qb3 e5 15. Rc1 $6 (15. b5 $1 Bb7 16. O-O e4
17. Bb1 Qc7 (17... Re8 $5 18. Ba2 g5 19. Bg3 d5) 18. Rc1 d5 19. Bg3 $1 dxc4 20.
Qa4 Qd8 21. Qxa7 Bd5 22. Nc3 Ra8 23. Qc7 Qxc7 24. Bxc7 Bb7 $14) 15... exd4 16.
O-O Ne5 17. b5 Bb7 18. Nxd4 d5 19. Bb1 $5 (19. Nf5 dxc4 20. Bxc4 Rxc4 $1 21.
Rxc4 Nxc4 22. Qxc4 (22. Qg3 Nh5 23. Qg4 Qd3 24. Qxh5 Re8 $1 $17) 22... Re8 23.
Qf4 $1 Qd5 $1 24. f3 Qc5+ 25. Bf2 Qe5 $10) 19... g5 $1 (19... dxc4 20. Qg3 $1)
20. Qg3 $1 $8 (20. Bg3 dxc4 21. Qb2 Qd5 22. f3 $17) (20. f4 dxc4) 20... Ng6 (
20... Nfg4 21. Bxg5 $1 hxg5 22. h3 $13) 21. Bxg6 gxh4 22. Qxh4 fxg6 23. Ne6 Qe7
24. Qxh6 Qxe6 25. Qxg6+ Kh8 26. Qh6+ 1/2-1/2

[Event "Olympiad-31"]
[Site "Moscow"]
[Date "1994.12.06"]
[Round "6.2"]
[White "Xu, Jun"]
[Black "Stefansson, Hannes"]
[Result "0-1"]
[WhiteElo "2560"]
[BlackElo "2560"]
[Annotator "Dautov,R"]
[PlyCount "110"]
[EventDate "1994.12.01"]
[EventType "team-swiss"]
[EventRounds "14"]
[EventCountry "RUS"]
[SourceTitle "CBM 045"]
[Source "ChessBase"]
[SourceDate "1995.04.01"]
[SourceVersion "1"]
[SourceVersionDate "1995.04.01"]
[SourceQuality "1"]
[WhiteTeam "China"]
[BlackTeam "Iceland"]
[WhiteTeamCountry "CHN"]
[BlackTeamCountry "ISL"]

1. d4 Nf6 2. c4 e6 3. Nc3 Bb4 4. Qc2 O-O 5. a3 Bxc3+ 6. Qxc3 b6 7. Bg5 Bb7 8.
e3 d6 9. f3 Nbd7 10. Nh3 c5 11. dxc5 (11. O-O-O $6 h6 12. Bh4 d5 $1 13. dxc5
bxc5 14. Kb1 Qb6 15. Nf2 Rfe8 16. Be2 Rab8 17. Rc1 {Bischoff-Almasi/Altensteig/
1994} Ba6 $1 18. Rhd1 dxc4 19. e4 Nd5 $1 20. exd5 exd5 $40) 11... bxc5 12.
O-O-O $6 {N} (12. Be2 a5 13. O-O (13. Rd1)) 12... d5 13. Be2 Qb6 14. Rd2 {><b2}
Rfe8 (14... Rab8 $5 {/\} 15. Bf4 $6 d4 $1 16. exd4 cxd4 17. Rxd4 e5 18. Rxd7
Nxd7 19. Be3 Qg6 $15) 15. Rhd1 Bc6 (15... Ba6 $6 16. Nf4 d4 17. exd4 cxd4 18.
Rxd4 e5 19. Rd6 $16) (15... Rab8 $5 16. Nf4 h6 17. Bxf6 Nxf6 $10) 16. Kb1 Rab8
17. Bh4 Ba4 (17... Qb3 18. Rc1 Qxc3 19. Rxc3 $14) 18. Rc1 Rec8 19. Bd1 $2 (19.
g4 {>=} Bb3 $6 (19... h6 $5) 20. g5 Ne8 (20... Nh5 $2 21. f4 g6 22. cxd5 exd5
23. Bxh5 gxh5 24. f5 $16) 21. Bg3 Nd6 $6 22. cxd5 exd5 23. Nf4 $16) 19... Qa6
20. Bxf6 Nxf6 21. Nf4 Bxd1 22. Rcxd1 dxc4 $15 23. g4 (23. e4 $5 Ne8 $15) 23...
Ne8 24. Rc2 Rc7 (24... Nd6 $6 25. Nh5 f6 26. Nxf6+ gxf6 27. Qxf6 Nf7 28. Rd7
Rf8 29. g5 $40) (24... Rb3 25. Qxc4 Qxa3 (25... Qxc4 26. Rxc4 Rxe3 27. Rd3 Re1+
28. Ka2 g5 29. Nh5 $44) 26. Rd3 $1 Rcb8 27. Rxb3 Rxb3 (27... Qxb3 28. Qxc5 $10)
28. Nd3 $1 $10 Nd6 29. Qxc5 Qxc5 30. Nxc5 Rxe3 $2 31. Ne4 Ne8 32. Rc8 Kf8 33.
Nd6 $16) 25. Qxc4 (25. Kc1 $5 Rcb7 26. Qxc4 Qxc4 27. Rxc4 Rxb2 $15) 25... Qxa3
26. Rd8 Rcb7 27. Rxb8 Rxb8 28. Qc3 Qa6 (28... Rb3 29. Qd2 Qb4 $2 30. Qxb4 cxb4
31. Re2 $1 a5 32. Kc2 a4 33. Nd3 $16 {/\Nc5}) 29. Qc4 Rb5 (29... Qxc4 $5 30.
Rxc4 Rb3 31. Ng2 Rb5 32. Kc2 Nd6 33. Ra4 a5 34. e4 Kf8 $17) 30. Qd3 Qc6 31. Ne2
Rb8 32. e4 Nc7 33. Rd2 h6 34. Qd7 (34. Qd6 $5 Qb6 35. Qxb6 axb6 36. Rd7 $15)
34... Qb6 35. Nc3 c4 36. h4 (36. Qd4 $5 Nb5 37. Qxb6 Nxc3+ 38. bxc3 Rxb6+ 39.
Kc2 $15) 36... Qa5 37. Qa4 (37. Qd4 Nb5 38. Nxb5 Qxb5 39. Rc2 Qb3 $17) 37...
Qc5 38. Qd7 Nb5 39. Nxb5 Qxb5 40. Qxb5 Rxb5 41. Kc2 $2 (41. Rd8+ $1 Kh7 42. Rd7
Kg6 (42... c3 43. Rxa7 Rxb2+ 44. Kc1 $10) 43. Rxa7 c3 (43... Rb3 44. h5+ Kf6
45. e5+ Kxe5 46. Rxf7 $10) 44. f4 (44. h5+ Kf6 45. f4 Rxb2+ 46. Kc1 g5 47. hxg6
Kxg6 $17) 44... h5 45. f5+ (45. gxh5+ Rxh5 46. bxc3 Rxh4 47. f5+ exf5 48. exf5+
Kf6 $17 {/\Rf4-f5}) 45... exf5 46. gxf5+ Kf6 47. b3 Rb4 48. Ra4 Rxb3+ 49. Kc2
Rb7 50. Kxc3 Ke5 $15) 41... Rb3 $17 42. f4 Rg3 43. g5 Rg4 44. f5 $2 exf5 45.
exf5 hxg5 46. hxg5 Rxg5 $19 47. f6 gxf6 48. Kc3 Rc5 49. Rd7 a5 50. Ra7 Kg7 51.
Kd4 Rb5 52. Kc3 Kg6 53. Rc7 f5 54. Rxc4 Rd5 55. Ra4 Kg5 0-1

[Event "Dos Hermanas"]
[Site "Dos Hermanas"]
[Date "1994.??.??"]
[Round "5"]
[White "Lautier, Joel"]
[Black "Karpov, Anatoly"]
[Result "1/2-1/2"]
[WhiteElo "2625"]
[BlackElo "2740"]
[Annotator "Dautov,R"]
[PlyCount "59"]
[EventDate "1994.04.??"]
[EventType "tourn"]
[EventRounds "9"]
[EventCountry "ESP"]
[EventCategory "16"]
[SourceTitle "CBM 041"]
[Source "ChessBase"]
[SourceDate "1994.08.01"]
[SourceVersion "1"]
[SourceVersionDate "1994.08.01"]
[SourceQuality "1"]

1. d4 Nf6 2. c4 e6 3. Nc3 Bb4 4. Qc2 O-O 5. a3 Bxc3+ 6. Qxc3 b6 7. Bg5 h6 8.
Bh4 c5 9. dxc5 bxc5 10. e3 d6 11. Bd3 Nbd7 12. Ne2 Ne5 (12... Bb7 13. O-O Ne5
14. Bb1 Ng6 15. Bg3 e5 16. b4 Qc7 17. f3 Nd7 18. Bd3 Ne7 $13 {
Bareev-Polugaevsky/Hastings/1992}) 13. Bc2 (13. O-O Ba6 14. b3 Nxd3 15. Qxd3 d5
16. Qc2 Qe7 $10) 13... Ba6 14. b3 Ng6 15. Bxf6 (15. Bxg6 fxg6 16. Nf4 $5 (16.
O-O g5 17. Bg3 Qb6 $10) (16. Bxf6 Qxf6 17. Qxf6 gxf6 $10) 16... Qe8 17. Qd3 $2
(17. Bxf6 Rxf6 $10) 17... g5 18. Qxd6 Bc8 $19) (15. Bg3 $5 d5 (15... Nh5 16.
Rd1 Nxg3 17. hxg3 Qe7 18. Nf4 Nxf4 19. gxf4 $14) (15... Qe7 16. f3 d5 17. O-O
Rfd8 18. Rfd1 $14) 16. O-O (16. cxd5 exd5 17. Bxg6 fxg6 18. Qxc5 Ne4 19. Qd4
Rc8 $40) 16... Qb6 17. Rfd1 Rad8 18. Rd2 (18. Bxg6 fxg6 $10) 18... Ne4 $5 (
18... dxc4 19. Rxd8 Rxd8 20. bxc4 $14) 19. Bxe4 dxe4 20. Rad1 Rxd2 21. Rxd2 Rd8
22. Rxd8+ Qxd8 23. Qc2 Bb7 24. Nc3 $14) 15... Qxf6 16. Qxf6 gxf6 17. Nc3 Rfd8
$14 18. O-O-O Kf8 19. Rd2 Rd7 20. Rhd1 Rad8 21. f4 Ke7 22. Kb2 (22. g4 Bb7 23.
Be4 Bxe4 24. Nxe4 Nh4 25. Nc3 f5 $10) 22... f5 23. g3 Rb8 24. Ka2 Nf8 (24...
Bb7 $142 $14) 25. h3 $1 {/\g4} h5 26. Re1 (26. e4 $1 fxe4 27. Nxe4 Rbd8 28. f5
$1 {/\f6} exf5 (28... e5 $2 29. f6+ Ke6 30. Rf2 $18) (28... Nh7 29. Nxc5 $1
dxc5 30. Rxd7+ Rxd7 31. Rxd7+ Kxd7 32. fxe6+ $18) 29. Nc3 $16) 26... Bb7 27. e4
fxe4 28. Nxe4 Bxe4 29. Bxe4 Rdd8 30. Red1 (30. f5 e5 31. g4 hxg4 32. hxg4 Nh7
$10) (30. g4 hxg4 31. hxg4 Nd7 $10) (30. Bf3 h4 31. g4 Ng6 32. f5 Ne5 $10) (30.
Red1 f5 31. Bh1 (31. Bf3 h4 32. g4 Ng6 33. gxf5 exf5 {><f4}) 31... h4 32. g4
Ng6 33. gxf5 exf5 34. Rf2 $10) 1/2-1/2

[Event "Altensteig"]
[Site "Altensteig"]
[Date "1995.??.??"]
[Round "9"]
[White "Georgiev, Kiril"]
[Black "Luther, Thomas"]
[Result "1-0"]
[WhiteElo "2605"]
[BlackElo "2550"]
[Annotator "Dautov,R"]
[PlyCount "45"]
[EventDate "1995.08.??"]
[EventType "tourn"]
[EventRounds "11"]
[EventCountry "GER"]
[EventCategory "12"]
[SourceTitle "CBM 049"]
[Source "ChessBase"]
[SourceDate "1995.12.01"]
[SourceVersion "1"]
[SourceVersionDate "1995.12.01"]
[SourceQuality "1"]

1. d4 e6 2. c4 Nf6 3. Nc3 Bb4 4. Qc2 O-O 5. a3 Bxc3+ 6. Qxc3 b6 7. Bg5 Bb7 8.
e3 d6 9. f3 Nbd7 10. Nh3 h6 11. Bh4 c5 12. dxc5 Nxc5 $5 (12... bxc5) 13. O-O-O
(13. Bxf6 Qxf6 14. Qxf6 gxf6 $10 15. O-O-O Rfd8 16. Nf4 Rac8 17. Kb1 $6 Nb3 $1
18. Be2 $6 Ba6 $1 $17 {Flear,G-van der Wiel,J/Mondorf 1991}) 13... d5 $5 14.
Kb1 (14. Bxf6 Qxf6 15. Qxf6 gxf6 $10 16. Nf4 $2 dxc4 17. Bxc4 Rfc8 18. Kb1 Ne4
$15) 14... Rc8 15. Be2 $6 (15. Qe1 Qe7 (15... Ncd7 16. cxd5 Qc7 17. dxe6 Qc2+
18. Ka1 (18. Ka2 $2 Bd5+ 19. Rxd5 Nxd5 20. exd7 Nc3+ 21. Ka1 Qb3 22. bxc3 Qxa3+
23. Kb1 Qb3+ 24. Ka1 Rxc3 $19) 18... Nc5 19. Bxf6 Nb3+ 20. Ka2 Bd5 21. Rxd5
Nc1+ 22. Qxc1 Qxc1 23. exf7+ Rxf7 24. Bd4 $16) 16. cxd5 exd5 17. Nf2 Qe6 18.
Qd2 $14) 15... Ba6 $2 (15... Ncd7 $1 16. Qe1 Qc7 (16... dxc4 17. Bxf6 gxf6 18.
Nf4 $13) 17. Rc1 Ba6 $15) 16. Qe1 $16 Na4 $2 (16... g5 17. Nxg5 hxg5 18. Bxg5
$40 Re8 19. e4 Ncd7 20. Qg3 $16) (16... Ncd7 17. cxd5 Bxe2 18. Qxe2 exd5 19.
Nf4 $5 g5 20. Nxd5 Nxd5 21. Rxd5 gxh4 22. Rhd1 Rc7 23. Qb5 Qe7 24. Rxd7 Rxd7
25. Rxd7 Qxe3 26. Rxa7 $16) 17. cxd5 Qc7 (17... Bxe2 18. Qxe2 exd5 19. Bxf6
Qxf6 20. Nf4 Qf5+ 21. Qd3 Qxd3+ 22. Rxd3 $16) 18. Bxf6 Qc2+ 19. Ka1 Bxe2 20.
Rd2 $18 gxf6 (20... Qb3 21. Qg3 g6 22. Rxe2 $18) 21. Rxc2 Rxc2 22. Nf4 Bc4 23.
Nh5 {Überrraschenderweise gibt es für diese Partie einen Vorgänger! Ob
Georgiev davon wuste?} (23. Nh5 Rxg2 24. Rg1 Rg6 25. Nxf6+ Kg7 26. Nh5+ Kg8 27.
Rxg6+ fxg6 28. Qg3 {1-0 Xu Jun-Kalesis,N/Biel izt (03) 1993}) 1-0

[Event "Altensteig"]
[Site "Altensteig"]
[Date "1995.??.??"]
[Round "11"]
[White "Georgiev, Kiril"]
[Black "Hracek, Zbynek"]
[Result "1/2-1/2"]
[WhiteElo "2605"]
[BlackElo "2635"]
[Annotator "Dautov,R"]
[PlyCount "176"]
[EventDate "1995.08.??"]
[EventType "tourn"]
[EventRounds "11"]
[EventCountry "GER"]
[EventCategory "12"]
[SourceTitle "CBM 049"]
[Source "ChessBase"]
[SourceDate "1995.12.01"]
[SourceVersion "1"]
[SourceVersionDate "1995.12.01"]
[SourceQuality "1"]

1. d4 {Hecht} Nf6 2. c4 e6 3. Nc3 Bb4 4. Qc2 O-O 5. a3 Bxc3+ 6. Qxc3 b6 7. Bg5
Bb7 8. e3 d6 9. f3 Nbd7 10. Bd3 c5 11. Ne2 h6 12. Bh4 Rc8 13. b4 d5 14. cxd5 {N
} (14. dxc5 bxc5 15. b5 Nb6 (15... Ne4 $1 {Sorokin} 16. Bxd8 Nxc3 17. Be7 $8 (
17. Ba5 Ne5) 17... Rfe8 18. Bd6 Na4 $5 $10) (15... e5 16. O-O (16. cxd5 g5 $1
17. Bf2 c4 $1 18. Bf5 Nxd5 19. Qd2 Nc5 $36 {Skomorokhin,R-Moizhess,I/Moscow op
(05) ;EXP 46 1995}) 16... d4 17. Qd2 $14) 16. Bxf6 (16. O-O $14) 16... Qxf6 17.
Qxf6 gxf6 18. cxd5 Bxd5 19. Nc3 Bc4 (19... Bb3 $5 {/\ c4, Na4<=> ><b5 Sorokin})
20. Bxc4 Nxc4 21. Ke2 $14 {Sorokin,M-Atalik,S/Cheliabinsk 1991}) 14... Nxd5 15.
Bxd8 Nxc3 16. Bh4 cxd4 17. exd4 (17. Nxd4 $6 Ne5 18. Bc2 Nb5 $15) 17... Nf6 18.
Rc1 Nxe2 19. Kxe2 Nd5 20. Bg3 a6 $6 (20... Rfd8 $10) 21. Kd2 Rxc1 22. Rxc1 b5 (
22... Rc8 23. Rxc8+ Bxc8 24. b5 axb5 25. Bxb5 $14) 23. Rc5 $14 Rc8 24. Be4 Kf8
25. Be5 f6 26. Bd6+ Kf7 27. g4 {/\h4-h5} g6 28. Bg3 Bc6 29. h4 h5 30. Bd6 Bb7
31. Bg3 Bc6 32. Bh2 Bb7 33. Bd6 Rc6 34. Bb8 Rc8 35. Bh2 f5 $6 (35... Bc6 $142
$14) 36. gxf5 gxf5 37. Bxd5 exd5 38. Bc7 $1 {[%csl Re5,Rf4,Rf5,Rg5] ><f4,f5,e5,
g5,/\Ke3-f4} Re8 39. Rc1 (39. Be5 Rc8 40. Rxc8 Bxc8 41. Ke3 Ke6 42. Kf4 Bd7 43.
Kg5 Be8 $10) 39... Re6 40. Be5 Rc6 41. Ra1 {/\Ke3-f4} (41. Rg1 Rg6) 41... f4 $1
42. Bxf4 Ke6 43. Bg5 (43. Rg1 Kf5 44. Be5 Rg6 45. Rxg6 Kxg6 46. Ke3 Kf5 $10)
43... Kf5 44. Kd3 Re6 45. Bd2 Bc6 $2 (45... Rg6 $14) 46. Rc1 $1 $16 Rg6 47. Bg5
Re6 48. Kd2 Rg6 49. Ke3 Re6+ 50. Kf2 Rg6 51. Bd8 Re6 52. Bc7 Rg6 53. Bb8 Re6
54. Be5 Rg6 55. Ke3 Re6 56. Rg1 Rg6 57. Rxg6 Kxg6 {Hecht: ungleiche L; 5-4
Bauern; Einsickern des wK; schwarze B-Schwächen; ausgelassener Gewinn Zug 64!?}
58. Kf4 $18 Bd7 (58... Kf7 59. Kg5 Bd7 60. f4 $1 (60. Kxh5 $2 Bf5 61. Kg5 Ke6
62. h5 Bd3 63. Kh6 Kf7 $10) 60... Bg4 61. f5 Bd1 62. Kf4 Bg4 63. Bc7 Kf6 64.
Bd8+ Kf7 65. Ke5 $18) 59. Bh8 {[%csl Ra6,Rd5][%cal Yf4d6,Yd6b6]} Bh3 60. Ke5
Bg2 61. f4 Kf7 62. Bf6 Be4 63. Bg5 Ke8 64. Ke6 (64. f5 Kf7 (64... Kd7 {Hecht}
65. f6 Bg6 66. Kxd5 Bf7+ 67. Kc5) 65. f6 $1 $18 {/\Kd6-c6-b7 bindet den sK 
(oder sL) und erst dann K-Marsch}) 64... Bf3 65. Kd6 $2 (65. f5 $1 $18) 65...
Be4 66. Kc6 $2 Kf7 67. Kb6 Ke6 $132 68. Kxa6 Bd3 69. Ka5 Kf5 70. a4 bxa4 71.
Kxa4 Ke4 72. b5 (72. Bf6 Kxf4 73. b5 Kf5 74. b6 Ba6 75. Ka5 Bb7 $10) 72... Kxd4
73. Ka5 (73. b6 Ba6 74. f5 Ke5 75. f6 Ke6 76. Ka5 Bb7 77. Kb5 Kf7 78. Kb4 Ke6
79. Kc5 Ba8 80. f7 Kxf7 81. Kd6 Kg6 82. Kc7 d4 83. b7 Bxb7 84. Kxb7 Kf5 85. Kc6
Kg4 $10) 73... Bf5 74. Kb6 (74. b6 {Hecht} Bc8 75. f5 Ke5 76. f6 Ke6 77. Kb5
Bb7 78. Kc5 Ba8 79. f7 {sonst Festung!} Kxf7 80. Kd6 Kg6 81. Kc7 Kf5 82. b7 (
82. Bd2 Kg4 83. Be1 d4 $10) 82... Bxb7 83. Kxb7 Kg4 84. Kc6 d4 $10) 74... Bd7
$10 75. f5 Bxf5 76. Kc6 (76. Kc7 Bd3 77. b6 Ba6 78. b7 Bxb7 79. Kxb7 Kc3 80.
Kc6 d4 81. Kd5 d3 82. Ke6 d2 83. Bxd2+ Kxd2 84. Kf5 Ke3 85. Kg5 Ke4 $10) 76...
Kc4 77. b6 Bc8 78. b7 Bxb7+ 79. Kxb7 d4 80. Kc6 d3 81. Kd6 Kc3 82. Ke5 d2 83.
Bxd2+ Kxd2 84. Kd4 (84. Kf4 {Hecht} Kd3 85. Kg5 Ke4 86. Kxh5 Kf5 $10) 84... Kc2
85. Ke4 Kc3 86. Kf5 Kd4 87. Kg5 Ke5 88. Kxh5 Kf6 1/2-1/2

[Event "Madrid"]
[Site "Madrid"]
[Date "1994.??.??"]
[Round "4"]
[White "Sokolov, Ivan"]
[Black "Salov, Valery"]
[Result "1-0"]
[WhiteElo "2650"]
[BlackElo "2685"]
[Annotator "Dautov,R"]
[PlyCount "111"]
[EventDate "1994.05.??"]
[EventType "tourn"]
[EventRounds "9"]
[EventCountry "ESP"]
[EventCategory "15"]
[SourceTitle "CBM 041"]
[Source "ChessBase"]
[SourceDate "1994.08.01"]
[SourceVersion "1"]
[SourceVersionDate "1994.08.01"]
[SourceQuality "1"]

1. d4 Nf6 2. c4 e6 3. Nc3 Bb4 4. Qc2 O-O 5. a3 Bxc3+ 6. Qxc3 b6 7. Bg5 c5 8.
dxc5 bxc5 9. e3 d6 10. Bd3 Nbd7 11. Ne2 h6 12. Bh4 Rb8 {N} (12... Bb7) (12...
Ne5 13. Bc2 Ba6 14. b3 Ng6 {->Lautier-Karpov/Dos Hermanas/1994}) 13. Bg3 Rb6 $6
(13... Qb6 14. O-O Nh5 {>=} 15. Rab1 Nxg3 16. hxg3 Ne5 17. Bc2 Ba6 18. b3 Qc7 {
->Sokolov,I-Kamsky/Madrid/1994}) 14. O-O Nh5 15. b4 Nxg3 16. hxg3 Qf6 17. b5 $1
{Damit fixiert Weiß seine Bauernmajorität auf dem Damenflügel.} Qxc3 (17... Ne5
18. a4 Nxd3 19. Qxd3 $16) (17... d5 18. Rac1 Ne5 19. a4 Bb7 20. Rfd1 Nxd3 21.
Qxd3 $16 {><c5}) 18. Nxc3 Rd8 19. Rfd1 Kf8 20. Rd2 {Das entstandene Endspiel
ist eindeutig besser für Weiß,aber die schwarze Stellung ist noch sehr fest.
Die weißen Türme werden auf der d-Linie verdoppelt um die Position des Nd7 zu
klären.} (20. a4 $6 {wäre etwas frühzeitig,weil der schwarze Springer einen
hervorragenden Posten b6 bekäme.} a5 $1 21. Rd2 Ke7 22. Rad1 Rb8 23. Be2 Nb6
24. Ne4 Nxa4 25. Ra2 (25. Nxd6 $2 Nc3 26. Nxc8+ Rbxc8 $17) 25... Nb6 26. Rxa5
Bb7 27. Nc3 Ra8 $10) 20... Ke7 21. Rad1 Rb8 22. Bf1 $1 (22. Be2 Nb6 23. Ne4 Na4
$1 24. Rxd6 Rxd6 25. Nxd6 Nc3 26. Nxc8+ Rxc8 27. Rd2 Rd8 $132) 22... Nf6 (22...
Nb6 $2 23. Ne4 $16) 23. a4 {Der Springer konnte nicht auf b6,und es ist Zeit,
den a-Bauern fortzubewegen.} (23. Be2 $5 {/\} Bb7 24. Bf3 $16) 23... a5 {
Schwarz sichert sich das Blockadefeld b6,nur wird es der schwarze Springer nie
benutzen können.Besser wäre 23..Bb7.} (23... Bb7 24. Be2 (24. f3 d5 25. a5 Ba8
$14) 24... Ne4 (24... d5 $2 25. Bf3 $16) 25. Nxe4 Bxe4 26. a5 Rd7 {,und die
schwarze Stellung ist haltbar.}) 24. Be2 $1 e5 {Damit ist die Möglichkeit des
Gegenspiels mit d6-d5 endgültig verloren.Es war aber bereits nicht leicht,
etwas besseres zu finden.} (24... Bb7 25. Bf3 Bxf3 26. gxf3 Rd7 27. e4 Rbd8 28.
Kf1 Ne8 29. Ke2 Nc7 {/\Na8-b6} 30. e5 $1 dxe5 31. Rxd7+ Rxd7 32. Rxd7+ Kxd7 33.
Ne4 $16) 25. Bf3 Be6 26. Bd5 Bg4 (26... Nxd5 27. Nxd5+ (27. cxd5 $6 Bd7 28. Nb1
f5 29. Na3 Ra8 30. Nc4 Ra7 $14) 27... Bxd5 28. Rxd5 Rd7 29. f4 f6 30. Kf2 Ke6
31. Kf3 $16 {/\Kg4-h5}) 27. f3 Bf5 28. Kf2 h5 29. Rc1 $1 {Schritt Nr.1 -
Abtausch der Springer.Je weniger Figuren auf dem Brett bleiben,desto
ersichtlicher wird die Passivität der schwarzen Türme.} g6 30. Bc6 Be6 31. Ne4
(31. Nd5+ $4 Bxd5 32. Bxd5 Nd7 $10 {/\Nb6}) 31... Nxe4+ (31... Ng8 $2 32. Rcd1
Bxc4 33. Rxd6 Rxd6 34. Rxd6 Be6 35. Rd2 c4 36. Nc5 $16) 32. Bxe4 Rb6 33. Bd5
Bf5 (33... f5 34. Bxe6 Kxe6 35. Rcd1 Rd7 36. Rd5 Rb8 37. Re1 {/\e4} g5 $6 38.
f4 e4 39. Rh1 Rh8 (39... gxf4 40. gxf4 Rh8 41. g4 $16) 40. g4 $1 $16) 34. Rcd1
Rbb8 35. Rf1 {Schritt Nr.2 - die Öffnung der Linien auf dem Königsflügel.
Schwarz muß passiv warten.} Rb6 36. Ke1 Rf8 37. Ke2 Rbb8 38. e4 Bc8 39. Ke3 Rb6
40. Rdf2 Bd7 (40... f6 41. g4 $1 hxg4 42. Rh1 gxf3 (42... Be6 43. fxg4 Bxd5 44.
cxd5 $16 {/\Kd3-c4}) 43. Rh7+ Kd8 44. gxf3 Bd7 45. Rfh2 g5 46. Rg7 $16 {/\Rhh7}
) 41. g4 $1 (41. f4 $6 f6 42. f5 g5 43. Rh1 Rh8 44. g4 Be8 45. g3 Rh6 46. Rfh2
Rh8 47. gxh5 Rh6 48. g4 Bf7 49. Bxf7 Kxf7 50. Rd2 Ke7 51. Rhd1 Rh8 52. Rh1 Rh6
$10) 41... hxg4 42. fxg4 Be6 43. g5 Rbb8 44. Rf6 {Schritt Nr.3 - die weißen
Türme dringen ein.} Bxd5 (44... Rbc8 45. Rh1 Rh8 46. Rxh8 Rxh8 47. Bxe6 fxe6
48. Rxg6 $18) 45. cxd5 Rb7 46. Kd3 Rd7 47. Kc4 $18 Rb7 48. R1f3 (48. Rh1 Rd7
49. Rh7 Ke8 50. b6 Kd8 51. Kb5 $18) 48... Rbb8 49. Rh3 Rh8 (49... Rb6 50. Rh7
Ke8 51. g3 {Zugzwang} Ke7 52. Rxg6 $18) 50. Rxh8 Rxh8 51. b6 Rh1 52. Kb5 c4 (
52... Rb1+ 53. Ka6 $18) 53. b7 (53. Kxc4 $4 Rb1 $10) 53... c3 54. Ka6 Rb1 55.
Rf3 c2 56. Rc3 1-0

[Event "Las Palmas3"]
[Site "Las Palmas"]
[Date "1993.??.??"]
[Round "9"]
[White "Dao, Thien Hai"]
[Black "Ulybin, Mikhail"]
[Result "1/2-1/2"]
[WhiteElo "2565"]
[BlackElo "2560"]
[Annotator "Dautov,R"]
[PlyCount "55"]
[EventDate "1993.12.??"]
[EventType "tourn"]
[EventRounds "9"]
[EventCountry "ESP"]
[EventCategory "13"]
[SourceTitle "CBM 040"]
[Source "ChessBase"]
[SourceDate "1994.06.01"]
[SourceVersion "1"]
[SourceVersionDate "1994.06.01"]
[SourceQuality "1"]

1. d4 e6 2. c4 Nf6 3. Nc3 Bb4 4. Qc2 O-O 5. a3 Bxc3+ 6. Qxc3 b6 7. Bg5 Bb7 8.
Nf3 h6 9. Bh4 d6 10. Nd2 c5 11. dxc5 bxc5 12. e3 Nbd7 13. Rg1 e5 $6 $146 {
>< d5,d6} (13... d5 14. g4 Ne4 15. Bxd8 Nxc3 16. Ba5 Na4 17. cxd5 (17. b3 Nab6
18. Bc3 $14) 17... exd5 18. Bb5 Nab6 19. g5 hxg5 20. Rxg5 f6 21. Rg3 $14 {
Kharlov-Wedberg/Haninge/1992}) (13... Ne5 $5 14. Be2 Re8 {/\Ne4} 15. Bg3 (15.
Qc2 $5) 15... Nc6 16. Bf3 $6 (16. O-O-O {>=}) 16... d5 $1 17. O-O-O d4 18. Qc2
e5 19. Ne4 Nxe4 20. Bxe4 Na5 $15 {Dao Thien Hai-de Firmian/Tilburg/1993}) 14.
Bd3 (14. Be2 Re8 15. g4 Ne4 $1 16. Bxd8 Nxc3 17. Bc7 Nxe2 18. Kxe2 Re6 $10) (
14. g4 g5 $1 15. Bg3 Nxg4 {/\f5} 16. Bh3 Ngf6 17. Bf5 Nh5 $15 {/\Ng7}) (14. h3
$5 Re8 15. g4 Nf8 (15... d5 16. cxd5 Nxd5 17. Bxd8 Nxc3 18. Ba5 $16) 16. Bd3
Ng6 17. Bxf6 Qxf6 18. Be4 $14) 14... Re8 15. Bf5 Nf8 16. Qc2 (16. g4 $5 Ng6 (
16... g6 17. Bxf6 Qxf6 18. Be4 $14) 17. Bxf6 (17. Bxg6 $6 fxg6 $15) (17. Bg3
Bc8 $5 18. O-O-O Bxf5 19. gxf5 Ne7 20. e4 Nc6 $132) 17... Qxf6 18. Be4 Qe7 (
18... Rab8 19. Bxb7 Rxb7 20. Ne4 Qe6 21. O-O-O $14) 19. O-O-O $14) 16... g6 17.
g4 $6 (17. Be4 Bxe4 18. Nxe4 g5 $1 19. Nxf6+ Qxf6 20. Bg3 Qg6 $10) (17. Bd3 $5
g5 18. Bg3 e4 19. Be2 Ng6 20. O-O-O Qe7 21. Nb1 $14) (17. Bxf6 Qxf6 18. Be4 $14
) 17... gxf5 18. Qxf5 N8d7 (18... Re6 19. g5 hxg5 20. Rxg5+ Kh8 21. Rh5+ Kg7
22. Rg5+ $10) (18... N8h7 19. g5 hxg5 20. Rxg5+ $1 Nxg5 (20... Kf8 $6 21. Rh5)
21. Qxg5+ Kh7 (21... Kf8 $2 22. Qh6+ $18) 22. Qf5+ Kg7 23. Qg5+ (23. O-O-O $2
Re6 $17) 23... Kh7 24. Qf5+ $10) (18... Kg7 $5 19. g5 hxg5 20. Bxg5 Ng6 21. h4
Bc8 $1 22. Qf3 e4 23. Qh1 (23. Nxe4 $6 Rxe4 24. Qxe4 Qa5+ 25. b4 Nxe4 26. bxa5
$15) 23... Bf5 24. h5 Rh8 25. Bh4 $13) 19. g5 hxg5 20. Rxg5+ Kf8 21. Rh5 $10 {
/\Rh6} Qe7 22. Rh6 Qe6 23. Bxf6 Nxf6 24. Rxf6 Qxf5 25. Rxf5 Ke7 26. Rh5 Rh8 27.
Rxh8 Rxh8 28. Nf1 (28. Nf1 Bg2 $10) 1/2-1/2